[Event "FRA-chT2 North 0809"]
[Site "France"]
[Date "2009.02.08"]
[Round "7.5"]
[White "Rouze, Xavier"]
[Black "Marin, Sebastien"]
[Result "0-1"]
[WhiteElo "2047"]
[BlackElo "2180"]
[PlyCount "134"]
[EventDate "2008.10.19"]
[EventType "tourn"]
[EventRounds "11"]
[EventCountry "FRA"]
[SourceTitle "EXT 2010"]
[Source "ChessBase"]
[SourceDate "2010.11.25"]
[SourceVersion "1"]
[SourceVersionDate "2010.11.25"]
[SourceQuality "1"]
[WhiteTeam "Henin Beaumont"]
[BlackTeam "Fenain Hornaing"]
[WhiteTeamCountry "FRA"]
[BlackTeamCountry "FRA"]

1. d4 Nf6 2. c4 g6 3. Nc3 Bg7 4. e4 0-0 5. f4 d6 6. Nf3 c5 7. d5 e6 8. Be2 exd5 9. e5 Ne4 10. cxd5 Nxc3 11. bxc3 Bg4 12. Be3 Nd7 13. 0-0 Bxf3 14. Bxf3 dxe5 15. fxe5 Bxe5 16. Rb1 Rb8 17. c4 Qh4 18. g3 Qxc4 19. Bh6 Rfe8 20. Kh1 Nf6 21. Bg2 Ng4 22. Bf4 f5 23. d6 Qd4 24. Qxd4 cxd4 25. d7 Red8 26. h3 Bxf4 27. Rxf4 Nf6 28. Rxd4 Rxd7 29. Rxd7 Nxd7 30. Rxb7 Rxb7 31. Bxb7 Nc5 32. Bd5+ Kg7 33. Kg2 Kf6 34. Kf3 Ke5 35. Bc4 Ne4 36. Bg8 h6 37. h4 g5 38. hxg5 hxg5 39. Bf7 a5 40. Bg8 a4 41. Bf7 a3 42. Bg8 Kd4 43. Be6 Nd6 44. Ke2 Ke4 45. Bd7 Kd4 46. Be6 Ne4 47. Kf3 Ke5 48. Bg8 Nd6 49. Bb3 Nb5 50. Ke3 Nd4 51. Bf7 f4+ 52. gxf4+ gxf4+ 53. Kf2 Kd6 54. Ke1 Nf3+ 55. Ke2 Ne5 56. Bb3 Kc5 57. Be6 Kd4 58. Kd2 Nd3 59. Bf5 Nb4 60. Be6 f3 61. Bf7 f2 62. Ke2 Nd3 63. Bg8 Kc3 64. Bf7 Kb2 65. Bc4 Nc1+ 66. Kxf2 Nxa2 67. Ke2 Nc1+ 0-1

[Event "FRA-chT2 Nord 0708"]
[Site "France"]
[Date "2007.10.21"]
[Round "1.3"]
[White "Cheymol, Eric"]
[Black "Marin, Sebastien"]
[Result "1-0"]
[WhiteElo "2150"]
[BlackElo "2181"]
[PlyCount "74"]
[EventDate "2007.10.21"]
[EventType "team-tourn"]
[EventRounds "11"]
[EventCountry "FRA"]
[SourceTitle "EXT 2009"]
[Source "ChessBase"]
[SourceDate "2008.11.26"]
[SourceVersion "1"]
[SourceVersionDate "2008.11.26"]
[SourceQuality "1"]
[WhiteTeam "Le Vesinet"]
[BlackTeam "JEEN"]
[WhiteTeamCountry "FRA"]
[BlackTeamCountry "FRA"]

1. e4 g6 2. d4 Bg7 3. Nf3 d6 4. Bc4 Nf6 5. Qe2 0-0 6. 0-0 Nc6 7. c3 e5 8. dxe5 Nxe5 9. Nxe5 dxe5 10. Nd2 Bh6 11. Rd1 Qe7 12. Nf3 Bxc1 13. Raxc1 Nh5 14. Qe3 Bg4 15. Rd2 Rad8 16. Rxd8 Rxd8 17. Qg5 Qxg5 18. Nxg5 Rf8 19. h3 Bd7 20. Rd1 Nf6 21. f4 Bc6 22. fxe5 Nxe4 23. Nxe4 Bxe4 24. Rd7 c5 25. Kf2 Bc6 26. Rc7 Rd8 27. Rxf7 Rf8 28. Rxf8+ Kxf8 29. g3 b5 30. Bb3 Ke7 31. Ke3 g5 32. Bc2 h6 33. Be4 Bd7 34. g4 Be6 35. a3 Bb3 36. Bf5 a5 37. Ke4 b4 1-0

[Event "FRA-chT2 West 0607"]
[Site "France"]
[Date "2007.01.20"]
[Round "5.3"]
[White "Jegourel, Cyrille"]
[Black "Marin, Sebastien"]
[Result "0-1"]
[WhiteElo "2058"]
[BlackElo "2171"]
[PlyCount "134"]
[EventDate "2006.10.15"]
[EventType "team-tourn"]
[EventRounds "11"]
[EventCountry "FRA"]
[SourceTitle "EXT 2008"]
[Source "ChessBase"]
[SourceDate "2007.11.25"]
[SourceVersion "1"]
[SourceVersionDate "2007.11.25"]
[SourceQuality "1"]
[WhiteTeam "Rennes Paul Bert"]
[BlackTeam "JEEN"]
[WhiteTeamCountry "FRA"]
[BlackTeamCountry "FRA"]

1. e4 g6 2. d4 Bg7 3. Be3 c6 4. Nc3 d5 5. Qd2 dxe4 6. Nxe4 Nd7 7. Nf3 Ngf6 8. Nxf6+ Nxf6 9. Bd3 0-0 10. h3 Re8 11. 0-0-0 Be6 12. Ne5 Nd5 13. Bh6 Nb4 14. Bxg7 Nxd3+ 15. Nxd3 Kxg7 16. Nf4 Qd6 17. Nxe6+ Qxe6 18. d5 cxd5 19. Qxd5 Qf6 20. Qd4 e5 21. Qe3 Rac8 22. Rd5 Qc6 23. Qd2 Qc4 24. b3 Qe4 25. Rd1 Qxg2 26. Qe3 Kg8 27. Kb2 e4 28. Rd7 Qf3 29. R1d6 Qf5 30. Rxb7 Rxc2+ 31. Kxc2 Qc8+ 32. Kb2 Qxb7 33. Qd4 Qe7 34. Rd7 Qg5 35. Qxa7 e3 36. fxe3 Rxe3 37. Rd8+ Kg7 38. Qd4+ Kh6 39. a4 Rxh3 40. Rd5 Rh2+ 41. Ka3 Qc1+ 42. Kb4 Qe1+ 43. Kb5 Qe8+ 44. Ka5 Qa8+ 45. Kb4 Qb7+ 46. Rb5 Qe7+ 47. Ka5 Rh4 48. Qc5 Qd8+ 49. Ka6 Rd4 50. a5 Rd6+ 51. Ka7 Qe7+ 52. Rb7 Ra6+ 53. Kxa6 Qxc5 54. b4 Qc4+ 55. b5 f5 56. Ka7 Qc5+ 57. Ka8 f4 58. b6 Qxa5+ 59. Ra7 Qd5+ 60. b7 Qd8+ 61. b8Q Qxb8+ 62. Kxb8 g5 63. Kc7 f3 64. Kd6 g4 65. Ke5 f2 66. Ra1 g3 67. Rh1+ Kg6 0-1

[Event "FRA-chT2 West 0607"]
[Site "France"]
[Date "2006.10.15"]
[Round "1.5"]
[White "Cheymol, Eric"]
[Black "Marin, Sebastien"]
[Result "0-1"]
[WhiteElo "2132"]
[BlackElo "2162"]
[PlyCount "100"]
[EventDate "2006.10.15"]
[EventType "team-tourn"]
[EventRounds "11"]
[EventCountry "FRA"]
[SourceTitle "EXT 2008"]
[Source "ChessBase"]
[SourceDate "2007.11.25"]
[SourceVersion "1"]
[SourceVersionDate "2007.11.25"]
[SourceQuality "1"]
[WhiteTeam "Le Vesinet"]
[BlackTeam "JEEN"]
[WhiteTeamCountry "FRA"]
[BlackTeamCountry "FRA"]

1. e4 g6 2. d4 Bg7 3. c3 d6 4. Nf3 Nc6 5. Bc4 Nf6 6. Qe2 0-0 7. 0-0 e5 8. dxe5 Nxe5 9. Nxe5 dxe5 10. Na3 Qe7 11. Bg5 h6 12. Bh4 Qc5 13. Kh1 c6 14. Nc2 b5 15. Bb3 a5 16. a3 Nh5 17. Rfd1 Re8 18. Rd2 Nf4 19. Qe1 Be6 20. Bxe6 Nxe6 21. Ne3 h5 22. f3 Bh6 23. Bf2 Qe7 24. Rad1 Red8 25. Kg1 Nf4 26. Kf1 Bg5 27. h4 Bh6 28. b4 axb4 29. axb4 Ne6 30. g3 Rxd2 31. Rxd2 Ra3 32. Rd3 Nd4 33. Qd1 Ne6 34. Nc2 Ra2 35. Qb1 Ra8 36. Qd1 Rd8 37. Bb6 Rxd3 38. Qxd3 Qb7 39. Ba5 Qe7 40. Bb6 g5 41. hxg5 Qxg5 42. Be3 Qf6 43. Bxh6 Qxh6 44. Qe3 Qf6 45. Qf2 Qd8 46. Ke2 h4 47. Qh2 Kf8 48. Qxh4 Nf4+ 49. Kf1 Qd3+ 50. Kg1 Qd1+ 0-1

[Event "FRA-chT2B 0506"]
[Site "France"]
[Date "2006.02.05"]
[Round "7.3"]
[White "Theon, Pierre"]
[Black "Marin, Sebastien"]
[Result "0-1"]
[WhiteElo "2215"]
[BlackElo "2153"]
[PlyCount "85"]
[EventDate "2005.10.27"]
[EventType "team-tourn"]
[EventRounds "11"]
[EventCountry "FRA"]
[SourceTitle "EXT 2006"]
[Source "ChessBase"]
[SourceDate "2005.11.24"]
[SourceVersion "1"]
[SourceVersionDate "2005.11.24"]
[SourceQuality "1"]
[WhiteTeam "Orcher La Tour II"]
[BlackTeam "Pontoise"]
[WhiteTeamCountry "FRA"]
[BlackTeamCountry "FRA"]

1. e4 g6 2. d4 Bg7 3. Nc3 c6 4. f4 d5 5. e5 h5 6. Bd3 Qb6 7. Nf3 Bg4 8. 0-0 e6 9. Ne2 Nh6 10. c3 Bf8 11. h3 Bxf3 12. Rxf3 c5 13. Be3 Nc6 14. Qa4 Nf5 15. Bf2 cxd4 16. b4 Be7 17. Nxd4 Nfxd4 18. Bxd4 Qc7 19. a3 0-0 20. Bf2 h4 21. b5 Na5 22. f5 Qxc3 23. Re1 Bc5 24. Re2 Bxf2+ 25. Rexf2 Nc4 26. Bxc4 Qxc4 27. Qd1 exf5 28. Rf4 Qc5 29. Kh1 Rac8 30. Rd2 Qxa3 31. Qf3 Rc1+ 32. Kh2 Qa1 33. Rxh4 Qxe5+ 34. g3 Qe1 35. Qg2 Re8 36. Rhd4 Re3 37. Rxd5 Rxg3 38. Qf2 Qxf2+ 39. Rxf2 Rb3 40. Ra2 Rxb5 41. Rxa7 Rb2+ 42. Kg3 Rb3+ 43. Kf4 0-1

[Event "FRA-ch op-A"]
[Site "Val d'Isere"]
[Date "2004.08.??"]
[Round "3"]
[White "Marin, Sebastien"]
[Black "Boizante, Yvain"]
[Result "1-0"]
[WhiteElo "2112"]
[BlackElo "2168"]
[PlyCount "103"]
[EventDate "2004.08.16"]
[EventType "swiss"]
[EventRounds "9"]
[EventCountry "FRA"]
[SourceTitle "EXT 2005"]
[Source "ChessBase"]
[SourceDate "2004.11.15"]
[SourceVersion "1"]
[SourceVersionDate "2004.11.15"]
[SourceQuality "1"]

1. Nf3 Nf6 2. g3 g6 3. Bg2 Bg7 4. 0-0 0-0 5. d3 c5 6. Nc3 Nc6 7. Rb1 d5 8. a3 e5 9. Bg5 Be6 10. b4 cxb4 11. axb4 Qc7 12. Na4 Nd7 13. c3 b5 14. Nc5 Nxc5 15. bxc5 Rfb8 16. d4 f6 17. Be3 Bf5 18. Nh4 Bxb1 19. Bxd5+ Kh8 20. Qxb1 Rd8 21. Qe4 Rxd5 22. Qxd5 Rd8 23. Qb3 Qd7 24. Nf3 Na5 25. Qa2 Nc4 26. Qa6 f5 27. c6 Qc7 28. Qxb5 Nxe3 29. fxe3 Rb8 30. Qc5 Rc8 31. Rb1 h6 32. Rb7 Qxc6 33. Qe7 Qf6 34. Nxe5 a5 35. Qxf6 Bxf6 36. Nxg6+ Kg8 37. Ne7+ Bxe7 38. Rxe7 Rxc3 39. Kf2 a4 40. Re5 Kg7 41. Rxf5 Rc1 42. Ra5 Ra1 43. Ra6 a3 44. e4 a2 45. d5 Kf7 46. g4 h5 47. gxh5 Rh1 48. Rxa2 Rxh2+ 49. Ke3 Rxh5 50. Kd4 Ke7 51. e5 Kd8 52. d6 1-0

[Event "FRA-chT2"]
[Site "France"]
[Date "2002.01.19"]
[Round "5.3"]
[White "Nguyen, Chi Minh"]
[Black "Marin, Sebastien"]
[Result "1-0"]
[WhiteElo "2262"]
[BlackElo "2156"]
[PlyCount "133"]
[EventDate "2002.??.??"]
[EventType "team-tourn"]
[EventRounds "11"]
[EventCountry "FRA"]
[SourceTitle "EXT 2003"]
[Source "ChessBase"]
[SourceDate "2002.11.25"]
[SourceVersion "1"]
[SourceVersionDate "2002.11.25"]
[SourceQuality "1"]

1. d4 Nf6 2. c4 g6 3. Nc3 Bg7 4. e4 0-0 5. f4 d6 6. Nf3 c5 7. d5 e6 8. Be2 exd5 9. cxd5 Bg4 10. 0-0 Nbd7 11. a4 a6 12. Re1 Re8 13. h3 Bxf3 14. Bxf3 c4 15. Be3 Qa5 16. Qe2 Rac8 17. Qf2 Nc5 18. Bxc5 Rxc5 19. e5 dxe5 20. fxe5 Nd7 21. Ne4 Rxe5 22. Nxc5 Nxc5 23. Rxe5 Bxe5 24. Rf1 Nd3 25. Qe3 Qb4 26. Kh1 Qxb2 27. d6 Bxd6 28. Bd5 Qe5 29. Qxe5 Nxe5 30. Rf6 Bb4 31. Rb6 a5 32. Rxb7 c3 33. Bb3 Kg7 34. Kg1 g5 35. Kf1 Kg6 36. Ke2 h5 37. Ke3 Kf5 38. Rb5 h4 39. Bc2+ Ke6 40. Bb3+ Kf5 41. Kd4 f6 42. Rb6 Nd7 43. Rb5+ Ne5 44. Kd5 Kf4 45. Ke6 Nc6 46. Kd5 Ne5 47. Rxb4+ axb4 48. a5 Nd7 49. a6 Ke3 50. a7 Nb6+ 51. Kc5 Na8 52. Kxb4 Kd2 53. Kc5 c2 54. Bxc2 Kxc2 55. Kc6 Kd2 56. Kb7 Ke2 57. Kxa8 Kf2 58. Kb8 Kxg2 59. a8Q+ Kxh3 60. Qh1+ Kg3 61. Kc7 g4 62. Kd6 h3 63. Qg1+ Kf3 64. Ke6 g3 65. Qf1+ Kg4 66. Qf5+ Kh4 67. Qf4+ 1-0

[Event "Paris-ch op"]
[Site "Paris"]
[Date "2001.07.21"]
[Round "1"]
[White "Marin, Sebastien"]
[Black "Miroshnichenko, Evgenij"]
[Result "0-1"]
[WhiteElo "2148"]
[BlackElo "2539"]
[PlyCount "40"]
[EventDate "2001.07.21"]
[EventType "swiss"]
[EventRounds "9"]
[EventCountry "FRA"]
[SourceTitle "CBM 083 Extra"]
[Source "ChessBase"]
[SourceDate "2001.09.11"]
[SourceVersion "1"]
[SourceVersionDate "2001.09.11"]
[SourceQuality "1"]

1. e4 c5 2. Nf3 d6 3. d4 cxd4 4. Nxd4 Nf6 5. Nc3 Nc6 6. Bc4 Qb6 7. Nb3 e6 8. Be3 Qc7 9. 0-0 Be7 10. Bd3 a6 11. f4 b5 12. a3 Bb7 13. Qf3 Rc8 14. Qg3 h5 15. h3 g6 16. Qf2 b4 17. axb4 Nxb4 18. Na5 d5 19. Bd4 dxe4 20. Nxb7 exd3 0-1